Physiotherapie : Lehrbuch für Medizinstudenten /
Uložené v:
| Hlavný autor: | |
|---|---|
| Médium: | Kniha |
| Jazyk: | German |
| Vydané: |
Berlin :
VEB Verlag Volk und Gesundheit,
1988
|
| Vydanie: | 4 bearb. Aufl. |
| ISBN: |
(brož.) |
| Fyzický popis: |
160 s. |
| Tagy: |
Pridať tag
Žiadne tagy, Buďte prvý kto otaguje tento záznam!
|
Titul je dostupný aj v ... 

MARC
| LEADER | 00000nam a2200000 a 4500 | ||
|---|---|---|---|
| 001 | 000288708 | ||
| 005 | 20061212151540.0 | ||
| 008 | 061212s1988 gw e 000 0 gero | ||
| 020 | |a (brož.) | ||
| 040 | |a SVKKK |b slo |c SVKKK |e AACR2 | ||
| 041 | 0 | |a ger | |
| 044 | |a gw |c DE | ||
| 245 | 0 | 0 | |a Physiotherapie : |b Lehrbuch für Medizinstudenten / |c Hans Blaha ... [et al.] |
| 250 | |a 4 bearb. Aufl. | ||
| 260 | |a Berlin : |b VEB Verlag Volk und Gesundheit, |c 1988 | ||
| 300 | |a 160 s. | ||
| 700 | 1 | |a Blaha, Hans |4 aut | |
| 998 | |a BK | ||
| 090 | |g SCKHL |k Sklad Pribinova 2. posch. |a III.150744 |j 775417 |i 2720453718 |s Absenčne | ||